Mammalian cell biotechnology in protein production

সংরক্ষণ করুন:
গ্রন্থ-পঞ্জীর বিবরন
প্রধান লেখক: Hauser, Hansjörg (Author), Wagner, Roland (Author)
বিন্যাস: গ্রন্থ
ভাষা:ইংরেজি
প্রকাশিত: Nueva York Walter de Gruyter 1997
বিষয়গুলি:
ট্যাগগুলো: ট্যাগ যুক্ত করুন
কোনো ট্যাগ নেই, প্রথমজন হিসাবে ট্যাগ করুন!

MARC

LEADER 00000nam a2200000 a 4500
001 UCP7220
003 CL-VaPUC
008 991203e19970000US |||||||||||||||||eng|d
082 0 4 |a 660.63  |b HAU  |2 21 
100 0 |a Hauser, Hansjörg  |e author  |9 436694 
700 0 |a Wagner, Roland  |e author  |9 436695 
245 1 0 |a Mammalian cell biotechnology in protein production 
300 |a 491 p 
942 |c BK 
945 |d 19991203 00:00:00  |a vberengu 
260 |a Nueva York  |b Walter de Gruyter  |c 1997 
650 0 |a Animales vertebrados  |9 436696 
650 0 |a Biología celular  |9 341055 
650 0 |a Bioquímica   |9 259492 
650 0 |a Biotecnología   |9 259561 
650 0 |a Células   |9 269548 
650 7 |a COMPUESTOS ORGANICOS  |2 CL-VaPUC  |9 306788 
650 7 |a MAMIFEROS  |2 CL-VaPUC  |9 266111 
650 7 |a PROTEINAS  |2 CL-VaPUC  |9 436697 
650 7 |a SUSTANCIAS BIOQUIMICAS  |2 CL-VaPUC  |9 436698 
583 |a last modification  |c 19991203 00:00:00  |k Rodrigo Vera 
999 |c 284529  |d 284527 
952 |0 0  |1 0  |4 0  |6 660_630000000000000_HAU_1997  |7 0  |8 A  |9 328598  |a BIBING  |b BIBING  |d 2019-11-20  |i 3584852  |l 2  |m 1  |o 660.63 HAU 1997  |p 3584852  |q 2024-12-31  |r 2024-07-24  |s 2024-07-24  |w 2019-11-20  |y BK  |k EIB